| 000 | 00530nam a2200181Ia 4500 | ||
|---|---|---|---|
| 999 |
_c29740 _d29740 |
||
| 003 | OSt | ||
| 005 | 20210104105723.0 | ||
| 008 | 190216s9999||||xx |||||||||||||| ||und|| | ||
| 020 | _a9788124018316 | ||
| 040 | _coclc | ||
| 082 |
_a894.8121 _bRAM/P |
||
| 100 |
_aRamachandran, Puthusseri _97656 |
||
| 245 | 0 |
_aPuthusserikkavithakal / _cPuthusseri Ramachandran |
|
| 260 |
_bCurrent Books, _c2008. _aKottayam: |
||
| 300 | _a575p | ||
| 650 | _aKavithkal | ||
| 942 |
_cBK _2ddc _h894.8121 _iRAM/P _k894.8121 _mRAM/P |
||